Statistiques concernant ITZY song

Cliquez ici pour prendre le quiz!

Statistiques générales

  • Ce quiz a été pris 156 fois
    (80 depuis la dernière actualisation)
  • Le résultat moyen est 22 sur 48

Statistiques - réponses

HintRéponse% Correct
IT'z ICYICY
94%
NOT SHYNot Shy
94%
CRAZY IN LOVELOCO
91%
IT'z MEWANNA BE
91%
CAKE
87%
IT'z DIFFERENTDALLA DALLA
87%
GUESS WHO마.피.아. In the morning
87%
CHESHIRECheshire
84%
CHECKMATESNEAKERS
79%
SWIPE
60%
SHOOT!
59%
KILL MY DOUBTBet on me
56%
Kill Shot
56%
CHERRY
50%
Snowy
50%
None of My Business
49%
#Twenty
46%
Sorry Not Sorry
44%
RAC3R
41%
Boys like you
40%
DOMINO
38%
iD
37%
Psychic Lover
37%
WANT IT?
37%
Be in Love
35%
Freaky
35%
KIDDING ME
35%
365
32%
Free Fall
32%
SURF
32%
24HRS
31%
Chillin' Chillin'
31%
Gas Me Up
31%
NOBODY LIKE YOU
31%
I DON'T WANNA DANCE
29%
Don't Give A What
28%
Love is
28%
TENNIS (0:0)
28%
THAT'S A NO NO
28%
TING TING TING
28%
Mirror
26%
Sooo LUCKY
26%
WHAT I WANT
26%
Wild Wild West
25%
IT's SUMMER
22%
Louder
22%
YOU MAKE ME
22%
B[OO]M-BOXX
18%

Distribution des résultats

Percentile par nombre de réponses

% des personnes avec chaque résultat

Votre développement - résultats

Vous n’avez pas pris ce quiz depuis la dernière actualisation